| 000 | 00534nam a2200193 a 4500 | ||
|---|---|---|---|
| 001 | 2361 | ||
| 005 | 20140414131915.0 | ||
| 008 | 050531s19uu xx 00 eng d | ||
| 020 | _a0-689-80805-4 | ||
| 050 |
_aER _bH54 1995 |
||
| 100 | _aScarry, Richard | ||
| 245 |
_aHilda's tea party / _cRichard Scarry. |
||
| 260 |
_aNew York : _bAladdin Paperbacks, _c1995. |
||
| 300 | _a1 v. p. : ill. ; cm. | ||
| 440 | _aThe Busy World of Richard Scarry | ||
| 650 |
_aParties _xFiction. |
||
| 650 | _aChildren stories. | ||
| 999 |
_c111437 _d111437 |
||